Notes on Calycophyllous rubiaceae. part III. Systematic position of the monotypic mexican genus Cosmocalyx and notes on the calycophyll develoment (Registro nro. 11761)

Detalles MARC
000 -CABECERA
Campo de control 006720000a22002170004500
090 ## - CLASIFICACIÓN LOCAL
Colección AR
Consecutivo 02699
041 0# - IDIOMA
Código de idioma para texto/pista de sonido o título separado
100 1# - ASIENTO PRINCIPAL--NOMBRE PERSONAL
Nombre personal Delprete, Piero G.
245 10 - MENCION DE TITULO
Título Notes on Calycophyllous rubiaceae. part III. Systematic position of the monotypic mexican genus Cosmocalyx and notes on the calycophyll develoment
650 14 - ASIENTO SECUNDARIO DE MATERIA - TERMINO TEMATICO
Término temático o nombre geográfico como elemento de entrada Botánica
650 14 - ASIENTO SECUNDARIO DE MATERIA - TERMINO TEMATICO
Término temático o nombre geográfico como elemento de entrada Fenología
650 14 - ASIENTO SECUNDARIO DE MATERIA - TERMINO TEMATICO
Término temático o nombre geográfico como elemento de entrada Sistemática vegetal
650 14 - ASIENTO SECUNDARIO DE MATERIA - TERMINO TEMATICO
Término temático o nombre geográfico como elemento de entrada Morfología vegetal
651 #4 - ASIENTO SECUNDARIO DE MATERIA - NOMBRE GEOGRAFICO
-- México
653 ## - TERMINO DE INDIZACION - NO CONTROLADO
-- Cosmocalyx
653 ## - TERMINO DE INDIZACION - NO CONTROLADO
-- Hamelia
653 ## - TERMINO DE INDIZACION - NO CONTROLADO
-- Deppea
653 ## - TERMINO DE INDIZACION - NO CONTROLADO
-- Phyllomelia
773 1# - Item fuente:
Título Brittonia
Especificación de materiales 120
Descripción física 3
Paginas del Articulo 309-317
Lugar, editorial y fecha de publicación 1998
Información sobre la relación 50
942 ## - ELEMENTOS ADICIONALES (KOHA)
Tipo de ítem Artículo
Existencias
Withdrawn status Lost status Damaged status No para préstamo Colección Ubicación Permanente Ubicación actual Fecha de adquisición Fuente de Valor Datos de publicación Seriada Total Checkouts Número topográfico Inventario / Código de Barras Date last seen Ejemplar Price effective from Forma de adquisición Tipo de material
      No para Préstamo Hemeroteca Bogotá Bogotá 27/02/2015 Matallana, Clara Fuera de circulación   AR 02699 013112 25/03/2015 1 25/03/2015   Artículo